000 00623nam a2200193 4500
008 041002s1985 ch chi
020 _a9575562720 :NT64.00
090 _aBL1975
_bW18t
100 1 _aWang, Guang-Zhi
245 1 0 _aThe theology of salvation of I Kuan Tao {ch} /
_cGuang-Zhi Wang.
260 _aTaipei :
_b Olive Christian Foundation,
_c1985 .
300 _a62 p.
490 1 _aCatechism Series;
_v9
650 4 _aCults
_zTaiwan {ch}.
651 4 _aApologetics {ch}.
651 4 _aTaiwan
_xREligion {ch}.
700 1 _aI Kuan Tao
951 _pC-5558
_x00030593
_oBL1975/W18t
_j070613111434937
_d2000-12-21
_cCH
999 _c22244
_d22244